CEPAL: VII Conferencia Regional sobre la Integración de la Mujer en el Desarrollo Económico y Social de América Latina y el Caribe /
Na minha lista:
| Autor principal: | |
|---|---|
| Formato: | Texto |
| Assuntos: | |
| Tags: |
Adicionar Tag
Sem tags, seja o primeiro a adicionar uma tag!
|
MARC
| LEADER | 00000 a a2200000 04500 | ||
|---|---|---|---|
| 001 | 9375 | ||
| 003 | |||
| 040 | |||
| 100 | |a Ungo M., Urania A. | ||
| 245 | |a CEPAL: |b VII Conferencia Regional sobre la Integración de la Mujer en el Desarrollo Económico y Social de América Latina y el Caribe / |c Urania A. Ungo M. | ||
| 650 | |a MUJERES | ||
| 650 | |a CONFERENCIAS | ||
| 650 | |a CEPAL | ||
| 650 | |a DESARROLLO ECONOMICO Y SOCIAL | ||
| 650 | |a PARTICIPACION DE LA MUJER | ||
| 650 | |a MODERNIZACION | ||
| 650 | |a ESTADO | ||
| 773 | |g número 417; páginas 82-87 | ||
| 999 | |c 25730 |d 25730 | ||
